Statistics for Countries Containing "P" In Their Name

Click here to take the quiz!

General Stats

  • This quiz has been taken 58 times
  • The average score is 11 of 14

Answer Stats

Country% Correct
Democratic Republic of the Congo
88%
Nepal
88%
Dominican Republic
85%
Czech Republic
83%
Japan
81%
Republic of the Congo
81%
Spain
81%
Central African Republic
79%
Cyprus
79%
Egypt
75%
Singapore
75%
Ethiopia
71%
Cape Verde
69%
Sao Tome and Principe
65%

Score Distribution

Percentile by Number Answered

Percent of People with Each Score

Your Score History

You have not taken this quiz